000
00242nam a2200097Ia 4500
001
1076313
005
20250827002254.0
008
250824s9999 xx 000 0 und d
245
0
_a
YERYÜZÜ BLUES
_c
KADİR DANİŞ
260
_b
KETEBE YAYINLARI
999
_c
1076313
_d
1076313